| 000 | 00408 a2200157 4500 | ||
|---|---|---|---|
| 001 | 74428 | ||
| 020 | _a857056969-6 | ||
| 040 | _cAnchieta - Colégio São Paulo | ||
| 100 | _aPaiva, Eduardo França | ||
| 240 | 1 | 0 |
_aO ouro e as transformações na sociedade colonial _lpor |
| 245 | 1 | 0 | _aO ouro e as transformações na sociedade colonial |
| 300 | _a39 | ||
| 362 | 0 | _a1998 | |
| 650 | 4 | _aBrasil | |
| 942 | _cBK | ||
| 999 |
_c74428 _d74428 |
||